Poetry of T.S Eliot / (Record no. 128531)

MARC details
000 -LEADER
fixed length control field 00629nam a22002417a 4500
005 - DATE AND TIME OF LATEST TRANSACTION
control field 20170124110041.0
010 ## - LIBRARY OF CONGRESS CONTROL NUMBER
LC control number 492932
020 ## - INTERNATIONAL STANDARD BOOK NUMBER
Terms of availability 00.00
035 ## - SYSTEM CONTROL NUMBER
System control number 492932
037 ## - SOURCE OF ACQUISITION
Source of stock number/acquisition Cen Lib/Ret
040 ## - CATALOGING SOURCE
Original cataloging agency DPL
Language of cataloging EN
082 ## - DEWEY DECIMAL CLASSIFICATION NUMBER
Classification number 881.08
Item number ELI
100 ## - MAIN ENTRY--PERSONAL NAME
Personal name Maxwell, D.E.S
9 (RLIN) 23691
245 ## - TITLE STATEMENT
Title Poetry of T.S Eliot /
Statement of responsibility, etc by D.E.S. Maxwell
260 ## - PUBLICATION, DISTRIBUTION, ETC. (IMPRINT)
Place of publication, distribution, etc America
Name of publisher, distributor, etc Barnes & noble
Date of publication, distribution, etc 1973
270 ## - ADDRESS
City America
300 ## - PHYSICAL DESCRIPTION
Extent 227p.
Dimensions 19cm(Hb)
490 ## - SERIES STATEMENT
Series statement Indian writers series
500 ## - GENERAL NOTE
General note Includes index
650 ## - SUBJECT ADDED ENTRY--TOPICAL TERM
Topical term or geographic name as entry element literature
9 (RLIN) 6262
650 ## - SUBJECT ADDED ENTRY--TOPICAL TERM
Topical term or geographic name as entry element poetry
9 (RLIN) 102040
942 ## - ADDED ENTRY ELEMENTS (KOHA)
Source of classification or shelving scheme Dewey Decimal Classification
Koha item type English Books
Classification part 881.08
Call number suffix ELI
Holdings
Withdrawn status Lost status Damaged status Not for loan Home library Current library Date acquired Source of acquisition Cost, normal purchase price Total Checkouts Full call number Barcode Date last seen Date checked out Copy number Cost, replacement price Price effective from Koha item type
        Central Library Central Library 02/07/2015 Cen LIb/Ret 0.00 4 881.08 ELI 492932 06/04/2023 23/03/2023 1 0.00 02/07/2015 English Books

© Delhi Public Library
Hit Counter
free hit counter